000 00326nam a2200133Ia 4500
005 20251222153637.0
008 251222s9999||||xx |||||||||||||| ||spa||
082 _a333.71/C525
100 _aCharpentier, Silvia
245 0 _aPolítica Ambientales en el Perú
250 _a1ra. ed.
264 _bAgenda: Perú
942 _cLIB
999 _c32586
_d32586